| 000 | 01160aam a2200301 i 4500 | ||
|---|---|---|---|
| 001 | 768714001 | ||
| 003 | CO-MdFUSB | ||
| 005 | 20210920102303.0 | ||
| 007 | ta | ||
| 008 | 160608b xxu||||| |||| 00| 0 eng d | ||
| 020 | _a[No incluye ISBN] | ||
| 040 |
_cCO-MdFUSB _aCO-MdFUSB _bspa _dCO-MdFUSBC _erda |
||
| 041 | 0 | _aspa | |
| 082 | 0 | 4 |
_a922 _223 _bT4821a |
| 100 | 1 |
_aVaretto, Juan C. _eautor |
|
| 245 | 1 | 3 |
_aEl apóstol del plata _b: Juan F. Thomson _c/ Juan C. Varetto |
| 264 | 0 |
_aBuenos Aires, Argentina _b : La Aurora _c[1943] |
|
| 300 |
_a320 páginas _c; 20 cm |
||
| 336 |
_2rdacontent _atexto _btxt |
||
| 337 |
_2rdamedia _asin mediación _bn |
||
| 338 |
_2rdacarrier _avolumen _bnc |
||
| 505 | _aAntecedentes históricos. -- Principio de la obra evangélica. -- Thomson en Montevideo. -- Una obra vigorosa. -- El gran tribuno. -- Entre la multitud de bosquejos. -- Siempre al pie del cañón. -- Algunos escritos valiosos. -- Múltiples actividades. -- Llegando a la meta. | ||
| 563 | _aRústico | ||
| 655 | _aIglesia Metodista en la Republica de Argentina | ||
| 655 | _aThompson, Juan Francisco, 1843-1933 | ||
| 942 | _cBK | ||
| 945 | _aJTF-925 | ||
| 999 |
_c33803 _d33803 |
||